LEADER 01373nam 2200337Ia 450 001 996393948103316 005 20210104172034.0 035 $a(CKB)4940000000119831 035 $a(EEBO)2240897085 035 $a(OCoLC)ocn789662602e 035 $a(OCoLC)789662602 035 $a(EXLCZ)994940000000119831 100 $a20120426d1581 uy 0 101 0 $aeng 135 $aurbn||||a|bb| 200 15$a[The boke of common praier, and administration of the sacramentes, and other rites and ceremonies in the Churche of Englande.]$b[electronic resource] 210 $a[London $cC. Barker$d1581] 215 $a[439] p. $cmusic 300 $aTitle and Imprint of publication suggested by STC (2nd ed.). 300 $a1 col., B.L., ending Q6, K8. Cf. STC (2nd ed.). 300 $aInitials. 300 $aSignatures: [3 dots]? (-[3 dots]7-8) [par]¹? A-P? Q? A? (-A1) B-K? (-K8) B-R? S?. 300 $aImperfect: lacks t.p. and [3 dots]7-8. Psalter lacks t.p. and K8. Pages tightly bound with some loss of text. 300 $aReproduction of original in: British Library. 330 $aeebo-0018 801 0$bUMI 801 1$bUMI 906 $aBOOK 912 $a996393948103316 996 $aThe boke of common praier, and administration of the sacramentes, and other rites and ceremonies in the Churche of Englande.$92305225 997 $aUNISA LEADER 00818nam0-2200289 --450 001 9910744979603321 005 20231031105429.0 100 $a20231023d1997----kmuy0itay5050 ba 101 $aita$aara 102 $aIT 105 $a 001yy 200 1 $a<>avari$fGà?i?$gtraduzione introduzione e note di Valentina Colombo 205 $a1 ed. italiana 210 $aGenova$cMarietti$d1997 215 $a2 v.$d24 cm 300 $aAltro front. e testo in caratteri arabi 676 $a892.7834$v20 700 0$a???i?$01431065 702 1$aColombo,$bValentina 801 0$aIT$bUNINA$gREICAT$2UNIMARC 901 $aBK 912 $a9910744979603321 952 $aDFT G36 GAHI 01 (1)$fFLFBC 952 $aDFT G36 GAHI 01 (2)$fFLFBC 959 $aFLFBC 996 $aAvari$93572059 997 $aUNINA